00229nam a2200085Ia 450000100070000000500170000700800410002424500490006526000290011488941620250826182912.0250824s9999 xx 000 0 und d 0aİSLAM ALEMİNDE MASONLUKcORHAN KOLOĞLU bKIRMIZI KEDİ YAYINLARI